[Event "Catalunya-chT Relegation"]
[Site "Barcelona"]
[Date "2022.04.02"]
[Round "2.6"]
[White "Ribera Veganzones, Serni"]
[Black "Montell Lorenzo, Joan Carlos"]
[Result "1-0"]
[WhiteElo "2155"]
[BlackElo "2226"]
[PlyCount "115"]
[EventDate "2022.03.26"]
[EventType "team-tourn"]
[EventRounds "2"]
[EventCountry "ESP"]
[SourceTitle "CBM 208 Extra"]
[Source "ChessBase"]
[SourceDate "2022.07.31"]
[SourceVersion "1"]
[SourceVersionDate "2022.07.31"]
[SourceQuality "1"]
[WhiteTeam "Geva CEA"]
[BlackTeam "Salauris"]
[WhiteTeamCountry "ESP"]
[BlackTeamCountry "ESP"]

1. e4 e5 2. Nf3 Nc6 3. Bb5 a6 4. Ba4 Nf6 5. d3 d6 6. c4 Be7 7. Be3 0-0 8. h3 Bd7 9. Nc3 Re8 10. 0-0 h6 11. d4 exd4 12. Nxd4 Nxd4 13. Bxd7 Nxd7 14. Bxd4 Bf6 15. Bxf6 Qxf6 16. Qd2 Nc5 17. Rae1 Qg6 18. f4 Qe6 19. b3 Rad8 20. Rf3 f5 21. Rfe3 Nxe4 22. Nxe4 fxe4 23. Rxe4 Qf7 24. Rxe8+ Rxe8 25. Rxe8+ Qxe8 26. Qd5+ Kh7 27. Kf2 b6 28. Kf3 g6 29. Qb7 Qe7 30. Qxa6 Qe1 31. Qb7 Qd1+ 32. Kg3 Qe1+ 33. Kh2 Qe7 34. Qf3 h5 35. Qd3 Kh6 36. Qd4 Kh7 37. b4 Qe1 38. c5 bxc5 39. bxc5 h4 40. cxd6 cxd6 41. a4 Qg3+ 42. Kh1 Qe1+ 43. Qg1 Qd2 44. Qa1 Qxf4 45. a5 Qe3 46. a6 Qa7 47. Qa4 Qf2 48. Qd7+ Kh6 49. Qxd6 Qa7 50. Qf4+ g5 51. Qd6+ Kh5 52. Qc6 Qe7 53. Qf3+ Kh6 54. Qf2 Qa3 55. a7 Qa1+ 56. Qg1 Qa3 57. Qb6+ Kh5 58. Qb8 1-0

[Event "Catalunya-chT Gp2"]
[Site "Barcelona"]
[Date "2022.03.12"]
[Round "8.4"]
[White "Montell Lorenzo, Joan Carlos"]
[Black "Bru Rullo, Llatzer"]
[Result "1/2-1/2"]
[WhiteElo "2226"]
[BlackElo "2255"]
[PlyCount "25"]
[EventDate "2022.01.22"]
[EventType "team-tourn"]
[EventRounds "9"]
[EventCountry "ESP"]
[SourceTitle "CBM 208 Extra"]
[Source "ChessBase"]
[SourceDate "2022.07.31"]
[SourceVersion "1"]
[SourceVersionDate "2022.07.31"]
[SourceQuality "1"]
[WhiteTeam "Salauris"]
[BlackTeam "Cerdanyola Valles"]
[WhiteTeamCountry "ESP"]
[BlackTeamCountry "ESP"]

1. e4 c5 2. Nf3 e6 3. d4 cxd4 4. Nxd4 Nc6 5. Nc3 Qc7 6. Be2 a6 7. 0-0 Nf6 8. Kh1 Be7 9. f4 d6 10. Bf3 Bd7 11. Be3 0-0 12. Qe1 Nxd4 13. Bxd4 1/2-1/2

[Event "Catalunya-chT Gp2"]
[Site "Barcelona"]
[Date "2022.03.05"]
[Round "7.4"]
[White "Salgado Allaria, Carlos Fernando"]
[Black "Montell Lorenzo, Joan Carlos"]
[Result "1/2-1/2"]
[WhiteElo "2259"]
[BlackElo "2226"]
[PlyCount "32"]
[EventDate "2022.01.22"]
[EventType "team-tourn"]
[EventRounds "9"]
[EventCountry "ESP"]
[SourceTitle "CBM 208 Extra"]
[Source "ChessBase"]
[SourceDate "2022.07.31"]
[SourceVersion "1"]
[SourceVersionDate "2022.07.31"]
[SourceQuality "1"]
[WhiteTeam "Platja D'Aro"]
[BlackTeam "Salauris"]
[WhiteTeamCountry "ESP"]
[BlackTeamCountry "ESP"]

1. Nf3 f5 2. d3 Nf6 3. e4 d6 4. e5 Ng4 5. exd6 exd6 6. h3 Nf6 7. d4 Be7 8. Bd3 0-0 9. 0-0 c6 10. c4 Na6 11. a3 d5 12. Ne5 Nc7 13. c5 Nd7 14. Nf3 Nf6 15. Ne5 Nd7 16. Nf3 Nf6 1/2-1/2

[Event "Catalunya-chT Gp2"]
[Site "Barcelona"]
[Date "2022.02.26"]
[Round "6.4"]
[White "Montell Lorenzo, Joan Carlos"]
[Black "Lazaro Pujol, Abel"]
[Result "0-1"]
[WhiteElo "2226"]
[BlackElo "2310"]
[PlyCount "66"]
[EventDate "2022.01.22"]
[EventType "team-tourn"]
[EventRounds "9"]
[EventCountry "ESP"]
[SourceTitle "CBM 208 Extra"]
[Source "ChessBase"]
[SourceDate "2022.07.31"]
[SourceVersion "1"]
[SourceVersionDate "2022.07.31"]
[SourceQuality "1"]
[WhiteTeam "Salauris"]
[BlackTeam "Figueres"]
[WhiteTeamCountry "ESP"]
[BlackTeamCountry "ESP"]

1. e4 e5 2. Nf3 Nc6 3. Bc4 Bc5 4. c3 Nf6 5. d4 exd4 6. cxd4 Bb4+ 7. Nc3 Nxe4 8. 0-0 Bxc3 9. d5 Bf6 10. Re1 Ne7 11. Rxe4 d6 12. Bg5 Bxg5 13. Nxg5 h6 14. Qe2 hxg5 15. Re1 Be6 16. dxe6 f6 17. Re3 c6 18. Rh3 Rxh3 19. gxh3 g6 20. Qf3 Qa5 21. Re2 Qf5 22. Qc3 0-0-0 23. Bd3 Qxh3 24. Re3 Qg4+ 25. Rg3 Qxe6 26. Qa5 Qe5 27. Qxa7 Qc5 28. Qa4 Nd5 29. Bf1 Kc7 30. a3 Re8 31. b4 Qc1 32. Qa5+ Kd7 33. f4 Re1 0-1

[Event "Catalunya-chT Gp2"]
[Site "Barcelona"]
[Date "2022.02.19"]
[Round "5.5"]
[White "Montell Lorenzo, Joan Carlos"]
[Black "Bofill Mas, Alejandro"]
[Result "1-0"]
[WhiteElo "2226"]
[BlackElo "2310"]
[PlyCount "87"]
[EventDate "2022.01.22"]
[EventType "team-tourn"]
[EventRounds "9"]
[EventCountry "ESP"]
[SourceTitle "CBM 208 Extra"]
[Source "ChessBase"]
[SourceDate "2022.07.31"]
[SourceVersion "1"]
[SourceVersionDate "2022.07.31"]
[SourceQuality "1"]
[WhiteTeam "Salauris"]
[BlackTeam "Colon Sabadell"]
[WhiteTeamCountry "ESP"]
[BlackTeamCountry "ESP"]

1. e4 c5 2. Nf3 e6 3. d4 cxd4 4. Nxd4 Nf6 5. Nc3 d6 6. g3 Nc6 7. Bg2 Be7 8. 0-0 0-0 9. Be3 Qc7 10. f4 a6 11. h3 Na5 12. Qd3 Nc4 13. Bc1 Rd8 14. b3 Ne5 15. Qd2 Nc6 16. Nxc6 bxc6 17. Bb2 Bb7 18. Kh2 c5 19. Rae1 d5 20. exd5 exd5 21. Nd1 Ne4 22. Qe2 f5 23. Ne3 g6 24. Be5 Bd6 25. Bxe4 fxe4 26. Bxd6 Rxd6 27. f5 d4 28. Ng4 e3 29. fxg6 Rxg6 30. Rf5 Kh8 31. Ref1 Re8 32. Rf7 Re7 33. Rf8+ Kg7 34. R8f5 Bc8 35. R5f4 Qc6 36. Nf6 Bb7 37. Nh5+ Kh8 38. Rf8+ Rg8 39. R8f6 Qd5 40. R6f5 Re5 41. Nf6 Rxf5 42. Nxd5 Rgf8 43. Rxf5 Rxf5 44. Nf4 1-0

[Event "Catalunya-chT Gp2"]
[Site "Barcelona"]
[Date "2022.01.22"]
[Round "1.4"]
[White "Montell Lorenzo, Joan Carlos"]
[Black "Leiro Giralt, Daniel"]
[Result "1/2-1/2"]
[WhiteElo "2226"]
[BlackElo "2188"]
[PlyCount "34"]
[EventDate "2022.01.22"]
[EventType "team-tourn"]
[EventRounds "9"]
[EventCountry "ESP"]
[SourceTitle "CBM 206 Extra"]
[Source "ChessBase"]
[SourceDate "2022.03.31"]
[SourceVersion "1"]
[SourceVersionDate "2022.03.31"]
[SourceQuality "1"]
[WhiteTeam "Salauris"]
[BlackTeam "Tres Peons"]
[WhiteTeamCountry "ESP"]
[BlackTeamCountry "ESP"]

1. Nf3 d5 2. d4 Nf6 3. g3 e6 4. Bg2 Be7 5. 0-0 0-0 6. b3 c5 7. e3 b6 8. Bb2 Bb7 9. Nbd2 Nc6 10. c4 cxd4 11. Nxd4 Nxd4 12. exd4 Rc8 13. a3 Qc7 14. Rc1 dxc4 15. bxc4 Bxg2 16. Kxg2 Rfd8 17. Qf3 Qc6 1/2-1/2

[Event "Catalunya-chT Final A+B"]
[Site "Barcelona"]
[Date "2020.03.07"]
[Round "8.6"]
[White "Montell Lorenzo, Joan Carlos"]
[Black "Brusi Noguera, Ricardo Ll"]
[Result "0-1"]
[WhiteElo "2247"]
[BlackElo "2124"]
[PlyCount "90"]
[EventDate "2020.03.07"]
[EventType "team-tourn"]
[EventRounds "11"]
[EventCountry "ESP"]
[SourceTitle "EXT 2023"]
[Source "ChessBase"]
[SourceDate "2022.10.05"]
[SourceVersion "1"]
[SourceVersionDate "2022.10.05"]
[SourceQuality "1"]
[WhiteTeam "Salauris"]
[BlackTeam "Sant Cugat"]
[WhiteTeamCountry "ESP"]
[BlackTeamCountry "ESP"]

1. d4 Nf6 2. c4 c5 3. d5 e6 4. Nc3 exd5 5. cxd5 d6 6. e4 g6 7. f4 Bg7 8. e5 Nfd7 9. Ne4 dxe5 10. Nd6+ Ke7 11. Nxc8+ Qxc8 12. d6+ Kf8 13. Nf3 e4 14. Ng5 h6 15. Nxe4 Qe8 16. Qe2 Nc6 17. Nc3 Nb4 18. Kf2 Bd4+ 19. Kg3 Nf6 20. Bd2 a6 21. Re1 Kg7 22. Qe7 b5 23. a4 Qxe7 24. Rxe7 bxa4 25. Bc4 Rhf8 26. Nxa4 Rad8 27. Rd1 Rxd6 28. Bc3 Nfd5 29. Bxd5 Nxd5 30. Ra7 Nxc3 31. Nxc3 Rb6 32. Rd2 Rfb8 33. h3 Rxb2 34. Rxb2 Rxb2 35. Na4 Rb3+ 36. Kh2 Ra3 37. Rxa6 h5 38. g4 h4 39. f5 gxf5 40. gxf5 c4 41. Kg2 c3 42. Ra8 c2 43. Rc8 Bc3 44. f6+ Kh7 45. Rxc3 Rxc3 0-1

[Event "Catalunya-chT GpA final"]
[Site "Barcelona"]
[Date "2019.03.16"]
[Round "1.6"]
[White "Montell Lorenzo, Joan Carlos"]
[Black "Alonso Moyano, Jonathan"]
[Result "0-1"]
[WhiteElo "2267"]
[BlackElo "2374"]
[PlyCount "79"]
[EventDate "2019.03.16"]
[EventType "team-tourn"]
[EventRounds "3"]
[EventCountry "ESP"]
[SourceTitle "CBM 189 Extra"]
[Source "ChessBase"]
[SourceDate "2019.06.03"]
[SourceVersion "1"]
[SourceVersionDate "2019.06.03"]
[SourceQuality "1"]
[WhiteTeam "Salou Escola Escacs"]
[BlackTeam "Barbera"]
[WhiteTeamCountry "ESP"]
[BlackTeamCountry "ESP"]

1. e4 c5 2. Nf3 d6 3. c3 Nf6 4. Be2 Nbd7 5. d3 e5 6. 0-0 Be7 7. Nbd2 0-0 8. Re1 b6 9. Nf1 Bb7 10. Ne3 g6 11. c4 Ne8 12. Nd5 Ng7 13. Bh6 f5 14. Nxe7+ Qxe7 15. Ng5 Rfe8 16. Bf3 f4 17. Bg4 Nf6 18. g3 Bc8 19. Bxc8 Raxc8 20. gxf4 Nfh5 21. fxe5 dxe5 22. Qg4 Nf6 23. Qh4 Ngh5 24. Nh3 Qd7 25. Bg5 Rc6 26. Rad1 Kg7 27. Be3 Rd6 28. f3 Rxd3 29. Nf2 Rxd1 30. Rxd1 Qa4 31. Rd6 Qxc4 32. Bg5 Rf8 33. Ng4 Nxg4 34. Rd7+ Rf7 35. Qxg4 Qxa2 36. Rd8 Qb1+ 37. Kg2 Qxb2+ 38. Kh3 Qe2 39. Rd2 Qxf3+ 40. Qxf3 0-1

[Event "Catalunya-chT Gp1"]
[Site "Barcelona"]
[Date "2019.01.19"]
[Round "1.5"]
[White "Montell Lorenzo, Joan Carlos"]
[Black "Fernandez Diaz, Cristian"]
[Result "0-1"]
[WhiteElo "2267"]
[BlackElo "2224"]
[PlyCount "82"]
[EventDate "2019.01.19"]
[EventType "team-tourn"]
[EventRounds "7"]
[EventCountry "ESP"]
[SourceTitle "CBM 188 Extra"]
[Source "ChessBase"]
[SourceDate "2019.02.26"]
[SourceVersion "1"]
[SourceVersionDate "2019.02.26"]
[SourceQuality "1"]
[WhiteTeam "Salou Escola Escacs"]
[BlackTeam "Mollet"]
[WhiteTeamCountry "ESP"]
[BlackTeamCountry "ESP"]

1. e4 d6 2. Nc3 Nf6 3. g3 g6 4. Nge2 Bg7 5. Bg2 Bf8 6. Bf1 Bg7 7. Bg2 0-0 8. 0-0 e5 9. f4 c6 10. h3 d5 11. exd5 exf4 12. dxc6 fxg3 13. cxb7 Bxb7 14. Bxb7 Qb6+ 15. d4 Qxb7 16. Nxg3 Nc6 17. Nce2 Rfe8 18. Qd3 h5 19. c3 Rad8 20. Bg5 Ne5 21. Qe3 Nd5 22. Qf2 f6 23. dxe5 fxg5 24. Nd4 Nf4 25. Qh2 Bxe5 26. Rae1 Rxd4 27. Rxe5 Rxe5 28. cxd4 Re3 29. Rxf4 gxf4 30. Nf1 Re4 31. Qg2 Re7 32. d5 Kh7 33. b3 Re5 34. Qd2 Qxd5 35. Qxf4 Rf5 36. Qc7+ Rf7 37. Qc1 Qd4+ 38. Kh1 Qd3 39. Kg1 Qxh3 40. Nh2 Qg3+ 41. Kh1 Rf2 0-1

[Event "Catalunya-chT"]
[Site "Catalunya"]
[Date "2014.02.15"]
[Round "4.4"]
[White "Fernandez Aguado, Enrique"]
[Black "Montell Lorenzo, Joan Carlos"]
[Result "1/2-1/2"]
[WhiteElo "2351"]
[BlackElo "2267"]
[PlyCount "80"]
[EventDate "2014.01.25"]
[EventType "team"]
[EventRounds "11"]
[EventCountry "ESP"]
[SourceTitle "EXT 2015"]
[Source "ChessBase"]
[SourceDate "2014.11.20"]
[SourceVersion "1"]
[SourceVersionDate "2014.11.20"]
[SourceQuality "1"]
[WhiteTeam "Sitges"]
[BlackTeam "Reus Deportiu"]
[WhiteTeamCountry "ESP"]
[BlackTeamCountry "ESP"]

1. e4 c5 2. Nf3 Nc6 3. d4 cxd4 4. Nxd4 e5 5. Nb5 a6 6. Nd6+ Bxd6 7. Qxd6 Qf6 8. Qd1 Qg6 9. Nc3 Nf6 10. h4 Nxe4 11. h5 Qf5 12. Be3 Nxc3 13. bxc3 d6 14. Qxd6 Qxc2 15. Rc1 Qe4 16. h6 g6 17. Qf6 Rg8 18. Rh4 Qf5 19. Qd6 Qe6 20. Qd2 Ne7 21. Rd1 Qd7 22. Qb2 Qe6 23. Bc4 Qc6 24. Qd2 Be6 25. Bxe6 Qxe6 26. Rb4 b5 27. c4 Nc6 28. cxb5 Rd8 29. bxc6 Rxd2 30. Rxd2 Qxc6 31. Rb8+ Ke7 32. Rxg8 Qxg2 33. Rgd8 Qh1+ 34. Ke2 Qh5+ 35. f3 e4 36. R2d7+ Ke6 37. Rd6+ Ke7 38. R8d7+ Ke8 39. Rd8+ Ke7 40. R8d7+ Ke8 1/2-1/2

[Event "Catalunya-chT"]
[Site "Catalunya"]
[Date "2014.01.25"]
[Round "1.2"]
[White "Fluvia Poyatos, Joan"]
[Black "Montell Lorenzo, Joan Carlos"]
[Result "1-0"]
[WhiteElo "2512"]
[BlackElo "2267"]
[PlyCount "95"]
[EventDate "2014.01.25"]
[EventType "team"]
[EventRounds "11"]
[EventCountry "ESP"]
[SourceTitle "CBM 158 Extra"]
[Source "ChessBase"]
[SourceDate "2014.02.28"]
[SourceVersion "1"]
[SourceVersionDate "2014.02.28"]
[SourceQuality "1"]
[WhiteTeam "Badalona Sant Josep"]
[BlackTeam "Reus Deportiu"]
[WhiteTeamCountry "ESP"]
[BlackTeamCountry "ESP"]

1. e4 c5 2. Nf3 Nc6 3. d4 cxd4 4. Nxd4 e5 5. Nb5 a6 6. Nd6+ Bxd6 7. Qxd6 Qf6 8. Qxf6 Nxf6 9. Nc3 d5 10. exd5 Nb4 11. Bd3 Nfxd5 12. Nxd5 Nxd5 13. Bd2 0-0 14. 0-0-0 Re8 15. Rhe1 Bd7 16. c4 Rac8 17. Kb1 Nf6 18. Bg5 e4 19. Bf1 Bf5 20. Bxf6 gxf6 21. Re3 Red8 22. Rxd8+ Rxd8 23. Kc2 Bg6 24. g3 Kg7 25. Be2 f5 26. Kc3 Kf6 27. f4 Ke6 28. b4 Kd6 29. Kc2 Kc6 30. Ra3 f6 31. Ra5 h5 32. a4 Rd6 33. Rc5+ Kd7 34. a5 Bf7 35. Kc3 e3 36. Bd3 Be6 37. b5 Kd8 38. b6 Rd7 39. Kc2 Ke7 40. h4 Kd8 41. Kc3 Ke7 42. Be2 Bf7 43. Bf3 Rd2 44. Rc7+ Kf8 45. Rxb7 Rf2 46. Rxf7+ Kxf7 47. Bxh5+ Ke7 48. b7 1-0

[Event "Sitges op 36th"]
[Site "Sitges"]
[Date "2010.07.30"]
[Round "9"]
[White "Montell Lorenzo, Joan Carlos"]
[Black "Lettieri, Giuseppe"]
[Result "0-1"]
[WhiteElo "2270"]
[BlackElo "2374"]
[PlyCount "94"]
[EventDate "2010.07.22"]
[EventType "swiss"]
[EventRounds "9"]
[EventCountry "ESP"]
[SourceTitle "CBM 137 Extra"]
[Source "ChessBase"]
[SourceDate "2010.09.01"]
[SourceVersion "1"]
[SourceVersionDate "2010.09.01"]
[SourceQuality "1"]

1. d4 Nf6 2. e3 g6 3. Bd3 Bg7 4. f4 d6 5. Nf3 0-0 6. 0-0 Nc6 7. c3 e5 8. e4 exd4 9. Nxd4 Nxd4 10. cxd4 Ng4 11. Be2 f5 12. e5 c5 13. h3 Nh6 14. dxc5 dxe5 15. fxe5 Nf7 16. Qb3 Qe7 17. Bc4 Kh8 18. e6 Ne5 19. Bd5 Re8 20. Nc3 Qxc5+ 21. Kh1 Nc6 22. Na4 Qa5 23. Be3 Nb4 24. Rfd1 Nxd5 25. Rxd5 Bxe6 26. Rxa5 Bxb3 27. Bxa7 Bxa4 28. Rxa4 b5 29. Ra5 Bxb2 30. Rd1 Bc3 31. Ra6 Kg8 32. Rc6 Re1+ 33. Rxe1 Bxe1 34. Rc7 Bg3 35. Rd7 Re8 36. Rd1 Re2 37. Bb8 f4 38. a3 g5 39. Ba7 Kf7 40. Kg1 Re1+ 41. Rxe1 Bxe1 42. Kf1 Bc3 43. Ke2 Be5 44. Bc5 Ke6 45. Kd3 Bd6 46. Kd4 Bxc5+ 47. Kxc5 h5 0-1

[Event "Catalunya-chT Primera Gp1"]
[Site "Catalunya"]
[Date "2008.04.06"]
[Round "7"]
[White "Montell Lorenzo, Joan Carlos"]
[Black "Sanchez Criado, Lluis"]
[Result "0-1"]
[WhiteElo "2309"]
[BlackElo "2178"]
[PlyCount "52"]
[EventDate "2008.01.27"]
[EventType "team-tourn"]
[EventRounds "9"]
[EventCountry "ESP"]
[SourceTitle "EXT 2019"]
[Source "ChessBase"]
[SourceDate "2018.10.10"]
[SourceVersion "1"]
[SourceVersionDate "2018.10.10"]
[SourceQuality "1"]

1. e4 c6 2. c4 d5 3. exd5 cxd5 4. cxd5 Nf6 5. Nf3 Nxd5 6. d4 e6 7. Nc3 Be7 8. Bd3 0-0 9. 0-0 Nd7 10. Re1 b6 11. Nxd5 exd5 12. Qc2 Nf6 13. Ne5 Bb7 14. Nc6 Bxc6 15. Qxc6 Bb4 16. Re2 Re8 17. Bg5 Rxe2 18. Bxf6 Qe8 19. Qxd5 Re1+ 20. Rxe1 Qxe1+ 21. Bf1 Rc8 22. Bg5 Rc2 23. Be3 Rxb2 24. Qa8+ Bf8 25. Qxa7 Rb1 26. Qa6 b5 0-1

[Event "Tarragona op 4th"]
[Site "Tarragona"]
[Date "2003.09.07"]
[Round "6"]
[White "Mellado Trivino, Juan"]
[Black "Montell Lorenzo, Joan Carlos"]
[Result "1-0"]
[WhiteElo "2430"]
[BlackElo "2298"]
[PlyCount "93"]
[EventDate "2003.09.??"]
[EventType "swiss"]
[EventRounds "7"]
[EventCountry "ESP"]
[SourceTitle "EXT 2005"]
[Source "ChessBase"]
[SourceDate "2004.11.15"]
[SourceVersion "1"]
[SourceVersionDate "2004.11.15"]
[SourceQuality "1"]

1. d4 d5 2. c4 e6 3. Nf3 c6 4. Nc3 Nd7 5. Qc2 Ngf6 6. e3 a6 7. c5 a5 8. e4 b6 9. e5 Ng8 10. cxb6 Nxb6 11. Be3 Ne7 12. Rc1 a4 13. Bd3 Ba6 14. 0-0 Bxd3 15. Qxd3 Nf5 16. Ne2 Qd7 17. Ng3 Nxe3 18. fxe3 Be7 19. Qc3 0-0 20. Qxc6 Qxc6 21. Rxc6 Nc4 22. e4 Nxb2 23. exd5 exd5 24. Nf5 Bb4 25. Ne3 Rad8 26. Rb6 Rb8 27. Rxb8 Rxb8 28. Nxd5 Bf8 29. Rc1 a3 30. Kf1 h6 31. Ke2 Na4 32. Rc2 Rb5 33. Ne3 Bb4 34. Kd3 Kf8 35. d5 Bc5 36. Nd4 Rb4 37. Nb3 Nb2+ 38. Kc3 Na4+ 39. Kd2 Bb6 40. Nc4 Rb5 41. d6 Ke8 42. Kd3 Bg1 43. h3 Nb2+ 44. Ke4 Rxb3 45. axb3 a2 46. Rc1 Nxc4 47. bxc4 1-0

[Event "Tarragona Province-ch 45th"]
[Site "Tarragona"]
[Date "2002.11.17"]
[Round "7"]
[White "Aloma Vidal, Roberto"]
[Black "Montell Lorenzo, Joan Carlos"]
[Result "0-1"]
[WhiteElo "2126"]
[BlackElo "2334"]
[PlyCount "96"]
[EventDate "2002.11.02"]
[EventType "swiss"]
[EventRounds "8"]
[EventCountry "ESP"]
[SourceTitle "CBM 091 Extra"]
[Source "ChessBase"]
[SourceDate "2003.01.09"]
[SourceVersion "1"]
[SourceVersionDate "2003.01.09"]
[SourceQuality "1"]

1. d4 Nf6 2. c4 e6 3. Nf3 d5 4. Nc3 c6 5. Bg5 Nbd7 6. cxd5 exd5 7. e3 Qa5 8. Bd3 Ne4 9. Qc2 Nxg5 10. Nxg5 h6 11. Nf3 Be7 12. 0-0 0-0 13. a3 Qd8 14. b4 Bd6 15. b5 Nf6 16. bxc6 bxc6 17. h3 c5 18. dxc5 Bxc5 19. Nb5 Qe7 20. Rfc1 Bb6 21. Nbd4 Ne4 22. a4 Bd7 23. Qa2 Rfe8 24. Bb5 Bxb5 25. axb5 Qd7 26. Rc6 Rad8 27. Rd1 Ng5 28. Nxg5 hxg5 29. Qc2 g6 30. Ne2 Re5 31. Qb2 Rde8 32. Qb4 Rd8 33. Qb3 g4 34. h4 g3 35. Nxg3 Qg4 36. Rd3 Qxh4 37. Qc3 d4 38. Qc4 Kg7 39. e4 Rh8 40. Kf1 Qg4 41. Rf3 Qd7 42. Qc1 Rxe4 43. Rcf6 d3 44. Qg5 d2 45. Rxf7+ Qxf7 46. Rxf7+ Kxf7 47. Qd5+ Re6 48. Qxd2 Rd8 0-1

[Event "Tarragona Province-ch 45th"]
[Site "Tarragona"]
[Date "2002.11.10"]
[Round "6"]
[White "Montell Lorenzo, Joan Carlos"]
[Black "Regue Farran, Enric"]
[Result "1-0"]
[WhiteElo "2334"]
[BlackElo "2053"]
[PlyCount "47"]
[EventDate "2002.11.02"]
[EventType "swiss"]
[EventRounds "8"]
[EventCountry "ESP"]
[SourceTitle "CBM 091 Extra"]
[Source "ChessBase"]
[SourceDate "2003.01.09"]
[SourceVersion "1"]
[SourceVersionDate "2003.01.09"]
[SourceQuality "1"]

1. e4 c5 2. Nf3 d6 3. d4 cxd4 4. Nxd4 Nf6 5. Nc3 a6 6. Bg5 e6 7. f4 Be7 8. Qf3 Qc7 9. 0-0-0 Nbd7 10. g4 b5 11. Bxf6 gxf6 12. a3 Bb7 13. h4 Rc8 14. Rh2 Nb6 15. g5 Nc4 16. Bxc4 Qxc4 17. Rd3 f5 18. Qe3 fxe4 19. Nxe4 e5 20. fxe5 dxe5 21. Re2 0-0 22. Nf5 Qe6 23. Nxe7+ Qxe7 24. Rd7 1-0

[Event "Tarragona Province-ch 45th"]
[Site "Tarragona"]
[Date "2002.11.03"]
[Round "5"]
[White "Martinez Pena, Manuel"]
[Black "Montell Lorenzo, Joan Carlos"]
[Result "1-0"]
[WhiteElo "2161"]
[BlackElo "2334"]
[PlyCount "77"]
[EventDate "2002.11.02"]
[EventType "swiss"]
[EventRounds "8"]
[EventCountry "ESP"]
[SourceTitle "CBM 091 Extra"]
[Source "ChessBase"]
[SourceDate "2003.01.09"]
[SourceVersion "1"]
[SourceVersionDate "2003.01.09"]
[SourceQuality "1"]

1. d4 d5 2. c4 e6 3. Nc3 c6 4. Nf3 Nf6 5. e3 Nbd7 6. Bd3 dxc4 7. Bxc4 b5 8. Bd3 a6 9. 0-0 c5 10. a4 b4 11. Ne4 Bb7 12. Nxc5 Nxc5 13. dxc5 Bxc5 14. Qe2 0-0 15. Rd1 Qc7 16. h3 Rfd8 17. Bd2 Ne4 18. Rac1 a5 19. Be1 Rac8 20. Nd4 Qe5 21. Nf3 Qf6 22. Ba6 Ng3 23. Rxd8+ Rxd8 24. Qb5 Bxf3 25. Rxc5 Ne2+ 26. Kh2 Qxb2 27. gxf3 Nc3 28. Qxa5 Rf8 29. Rc8 Rxc8 30. Bxc8 g6 31. Qd8+ Kg7 32. Qd4+ Kg8 33. Bb7 Qe2 34. Qd2 Qf1 35. f4 Ne2 36. h4 b3 37. Bf3 b2 38. Bxe2 Qxe2 39. Qxe2 1-0

[Event "Salou-A"]
[Site "Salou"]
[Date "2000.10.17"]
[Round "2"]
[White "Kogan, Artur"]
[Black "Montell Lorenzo, Joan Carlos"]
[Result "1-0"]
[WhiteElo "2504"]
[BlackElo "2327"]
[PlyCount "63"]
[EventDate "2000.10.16"]
[EventType "tourn"]
[EventRounds "9"]
[EventCountry "ESP"]
[EventCategory "10"]
[SourceTitle "CBM 080"]
[Source "ChessBase"]
[SourceDate "2001.01.25"]
[SourceVersion "1"]
[SourceVersionDate "2001.01.25"]
[SourceQuality "1"]

1. c4 f5 2. g3 Nf6 3. Bg2 d6 4. Nc3 g6 5. d4 Bg7 6. Nh3 0-0 7. Nf4 Nc6 8. 0-0 e5 9. dxe5 dxe5 10. Nfd5 Nd4 11. f4 Nxd5 12. cxd5 e4 13. e3 c5 14. exd4 cxd4 15. Nb5 Qb6 16. Qb3 Re8 17. Re1 Bd7 18. Nc7 Qxc7 19. d6+ Be6 20. dxc7 Bxb3 21. axb3 Rec8 22. g4 Rxc7 23. gxf5 gxf5 24. Bh3 Rf8 25. Bd2 d3 26. Be3 b6 27. Rac1 Rd7 28. Red1 Bxb2 29. Rc6 Kg7 30. Kf2 Rf6 31. Rc8 Rd5 32. Rd2 1-0

[Event "ESP-ch"]
[Site "Linares"]
[Date "1998.08.20"]
[Round "9"]
[White "Jimenez Bernal, Francisco"]
[Black "Montell Lorenzo, Joan Carlos"]
[Result "0-1"]
[WhiteElo "2080"]
[BlackElo "2280"]
[PlyCount "66"]
[EventDate "1998.08.??"]
[EventType "swiss"]
[EventRounds "9"]
[EventCountry "ESP"]
[SourceTitle "EXT 1999"]
[Source "ChessBase"]
[SourceDate "1998.11.16"]
[SourceVersion "1"]
[SourceVersionDate "1998.11.16"]
[SourceQuality "1"]

1. d4 c5 2. d5 e6 3. c4 exd5 4. cxd5 Nf6 5. Nc3 g6 6. Nf3 Bg7 7. Bf4 d6 8. Qa4+ Bd7 9. Qb3 Qc7 10. e4 0-0 11. Be2 Re8 12. Nd2 b5 13. Bxb5 a6 14. Be2 Ra7 15. 0-0 Rb7 16. Qc2 Bb5 17. Bxb5 axb5 18. a4 bxa4 19. Nc4 Bf8 20. Rxa4 Nh5 21. Be3 Nd7 22. Na5 Rb4 23. Nc6 Rxa4 24. Qxa4 Nhf6 25. f3 Nb6 26. Qb3 Ra8 27. Bf4 Qb7 28. Nb5 c4 29. Qd1 Nbxd5 30. exd5 Qxb5 31. Bg5 Nxd5 32. Nd4 Qc5 33. Kh1 Bg7 0-1

[Event "Catalunya-chT"]
[Site "Spain"]
[Date "1998.??.??"]
[Round "7"]
[White "Ibanez Tarradellas, Eduardo"]
[Black "Montell Lorenzo, Joan Carlos"]
[Result "0-1"]
[WhiteElo "2355"]
[BlackElo "2305"]
[PlyCount "80"]
[EventDate "1998.01.??"]
[EventType "team"]
[EventRounds "9"]
[EventCountry "ESP"]
[SourceTitle "EXT 2003"]
[Source "ChessBase"]
[SourceDate "2002.11.25"]
[SourceVersion "1"]
[SourceVersionDate "2002.11.25"]
[SourceQuality "1"]

1. d4 Nf6 2. Nf3 g6 3. Bg5 Bg7 4. Nbd2 d5 5. e3 0-0 6. c3 Nbd7 7. Be2 c5 8. 0-0 b6 9. b4 Re8 10. a4 e5 11. a5 cxd4 12. cxd4 exd4 13. Nxd4 Nf8 14. Bb5 Bd7 15. Nc6 Qc8 16. Rc1 bxa5 17. Ne7+ Rxe7 18. Rxc8 Rxc8 19. Bxd7 Rxd7 20. bxa5 Ne6 21. Bh4 d4 22. e4 d3 23. f4 Nd4 24. h3 Rc2 25. Kh2 Ne2 26. Rf2 Rxd2 27. Qxd2 Nxe4 28. Qe3 d2 29. Qxe4 d1Q 30. Rxe2 Bd4 31. Re1 Qd2 32. f5 Bc5 33. Qa8+ Bf8 34. Re8 Qd6+ 35. Bg3 Qc5 36. f6 Rd1 37. Bf2 Qd6+ 38. g3 Rd2 39. Kg2 Qc5 40. Qf3 Rxf2+ 0-1